00553nam a22001577a 45000050016000000200023000160350012000390370013000511000028000642450073000922600044001653000024002099420025002339990017002589520120002752012021106306.0 a812031798Xc425.00 aB-41345 aDPLbENG aHoneycutt, Jerry941599 aIntroducing Microsoft windows 2000 professinal /cby Jerry Honeycutt aNew DelhibPrentice-Hall of Indiac2001 axvii, 424p.c22 cms 2ddccENh005.43mHON c62548d62548 001040708NFICaZLSbZLSd2012-02-11g425.00l0o005.43 HONpB-41345r2012-02-11 00:00:00v425.00w2012-02-11yEN